00349nam a2200133Ia 4500008004100000041001200041082001600053100001100069245006400080250000800144260003700152300001000189650001600199221030s9999 xx 000 0 und d aEnglish a105.23bRam aB. Ram 0aFundamentals Of Microprocessors & Microcomputerscby B. Ram a5th bDhanpat Rai PubaNew Delhic2003 a11.43 aBE Computer